000 00698nam a2200277Ia 4500
005 20260324122144.0
008 008 260324s9999 xx 000 0 eng d
020 _a9781003443728
037 _aEBOOK
040 _aCRL
040 _beng
040 _cCRL
041 _2eng
041 _aeng
084 _qCRL
100 _aKatie Humphreys; Mario C. Martinez; Brandy Smith
_91165333
245 0 _aCreating a Service Culture in Higher Education Administration
260 _bTaylor and Francis
260 _c2013
365 _a
365 _b230
856 _uhttp://www.taylorfrancis.com/books/9781003443728
942 _cEBOOK
999 _c1757867
_d1757867